| 000 | 01307nam a22002897a 4500 | ||
|---|---|---|---|
| 005 | 20200104041619.0 | ||
| 008 | 091223s2006 ag a gr 00010 spa d | ||
| 020 | _a9588151759 | ||
| 040 |
_aCO-BoIAVH _cCO-BoIAVH |
||
| 041 | _aspa | ||
| 044 | _ack | ||
| 082 | 0 | 4 |
_a574.529 _bV15p |
| 245 | 0 | 0 |
_aPlan de conservación del mono aullador (alouatta seniculus) en la región del Sirap-Ec y valle del cauca / _cHugo Aristizabal ... [et al.] ; revisión de estilo Andrea Torres P. ; ilustración Robin Schiele ; fotografías Francisco Nieto Montaño, Carlos Valderrama, Gustavo Kattan editores. |
| 260 | 3 |
_aBogotá: _bInstituto de Investigación de Recursos Biológicos Alexander Von Humboldt, _bFundación Ecoandina/WCS, _c2006. |
|
| 300 |
_a91 p. : _bil. ; _c28 cm. |
||
| 650 |
_aConservación de especies. _992692 |
||
| 650 | 6 |
_aConservación de la naturaleza. _997 |
|
| 650 | 6 |
_aÁreas protegidas _978 |
|
| 650 |
_aEspecies amenazadas _9157 |
||
| 650 |
_aMono aullador rojo _91919 |
||
| 650 |
_aAlouatta seniculus _zSirap (Eje Cafetero, Colombia) _zSirap (Valle del Cauca, Colombia) _932886 |
||
| 700 | 1 |
_aAristizabal, Hugo. _91921 |
|
| 700 | 1 |
_aTorres-P., Andrea, _erev. _932887 |
|
| 700 | 1 |
_aSchiele, Robin, _eil. _932888 |
|
| 700 | 1 |
_aNieto-Montaño, Francisco, _efot. _932889 |
|
| 942 |
_2ddc _cLIBRO |
||
| 999 |
_c7636 _d7636 |
||